[Event "GER-chT U16"]
[Site "Uelzen"]
[Date "2007.12.29"]
[Round "5.2"]
[White "Stellfeld, Tilman"]
[Black "Butschek, Marc"]
[Result "0-1"]
[WhiteElo "1586"]
[BlackElo "1665"]
[PlyCount "116"]
[EventDate "2007.12.27"]
[EventType "team-swiss"]
[EventRounds "7"]
[EventCountry "GER"]
[SourceTitle "EXT 2022"]
[Source "ChessBase"]
[SourceDate "2021.10.06"]
[SourceVersion "1"]
[SourceVersionDate "2021.10.06"]
[SourceQuality "1"]
[WhiteTeam "Eppendorf Johanneum U16"]
[BlackTeam "Bochum SG U16"]
[WhiteTeamCountry "GER"]
[BlackTeamCountry "GER"]

1. d4 d5 2. Nf3 e6 3. g3 Nf6 4. Bg2 c5 5. c4 Nc6 6. 0-0 Qb6 7. cxd5 exd5 8. dxc5 Bxc5 9. Nc3 Be6 10. Na4 Qb5 11. Nxc5 Qxc5 12. Be3 Qd6 13. Nd4 0-0 14. Rc1 Rfc8 15. Qb3 Qd7 16. Rfd1 h6 17. Bf4 Nxd4 18. Rxc8+ Rxc8 19. Rxd4 Qc6 20. f3 Qa6 21. Kf2 b6 22. Bf1 Qb7 23. Qd1 a5 24. Bd2 Bf5 25. e3 Rc2 26. b4 Rxa2 27. Kg1 a4 28. Bd3 Bxd3 29. Rxd3 Qa6 30. Qb1 Ra1 31. Qxa1 Qxd3 32. Qc3 Qxc3 33. Bxc3 b5 34. Kf2 d4 35. exd4 Nd5 36. Bb2 Nxb4 37. Ke2 Nd5 38. Kd3 Kf8 39. Ke4 Nb6 40. d5 b4 41. Bc1 a3 42. Bd2 b3 43. Bb4+ Ke8 44. Bxa3 Nc4 45. Bc1 b2 46. Bxb2 Nxb2 47. h4 Ke7 48. h5 Kd6 49. g4 Na4 50. f4 Nc3+ 51. Kf5 Nxd5 52. g5 Ne7+ 53. Kg4 Ke6 54. gxh6 gxh6 55. Kf3 Kf5 56. Kg3 Nd5 57. Kh3 Nxf4+ 58. Kh4 f6 0-1

[Event "GER-chT U16"]
[Site "Uelzen"]
[Date "2007.12.27"]
[Round "1.2"]
[White "Stellfeld, Tilman"]
[Black "Strathoff, Jens"]
[Result "0-1"]
[WhiteElo "1586"]
[BlackElo "2031"]
[PlyCount "78"]
[EventDate "2007.12.27"]
[EventType "team-swiss"]
[EventRounds "7"]
[EventCountry "GER"]
[SourceTitle "EXT 2022"]
[Source "ChessBase"]
[SourceDate "2021.10.06"]
[SourceVersion "1"]
[SourceVersionDate "2021.10.06"]
[SourceQuality "1"]
[WhiteTeam "Eppendorf Johanneum U16"]
[BlackTeam "Brackel SF U16"]
[WhiteTeamCountry "GER"]
[BlackTeamCountry "GER"]

1. d4 d5 2. Nf3 e6 3. c4 c6 4. g3 Nf6 5. Bg2 Nbd7 6. 0-0 Be7 7. Qc2 0-0 8. Rd1 Re8 9. Nbd2 Bf8 10. Ne5 Nxe5 11. dxe5 Nd7 12. Nf3 f6 13. e4 dxe4 14. Qxe4 Qc7 15. Bf4 Qb6 16. exf6 Nxf6 17. Qc2 Bd7 18. Bg5 Rad8 19. Rd2 Bc8 20. Rad1 Rxd2 21. Rxd2 Rd8 22. Be3 Rxd2 23. Qxd2 c5 24. Ne5 Qd6 25. Nd3 b6 26. Bf4 Qe7 27. Ne5 Bb7 28. Nc6 Qe8 29. Nxa7 Bxg2 30. Kxg2 Qa8+ 31. f3 Qxa7 32. Qd8 Kf7 33. Bb8 Qxa2 34. Qc7+ Be7 35. Qxb6 Qxc4 36. Bd6 Nd5 37. Qb7 Qe2+ 38. Kh3 Qf1+ 39. Kg4 h5+ 0-1

[Event "Hamburg Robinow op"]
[Site "Hamburg"]
[Date "2005.10.06"]
[Round "6"]
[White "Stellfeld, Tilman"]
[Black "Meyer Dunker, Paul"]
[Result "1-0"]
[WhiteElo "1460"]
[BlackElo "1296"]
[PlyCount "79"]
[EventDate "2005.10.01"]
[EventType "swiss"]
[EventRounds "9"]
[EventCountry "GER"]
[SourceTitle "CBM 108 Extra"]
[Source "ChessBase"]
[SourceDate "2005.11.04"]
[SourceVersion "1"]
[SourceVersionDate "2005.11.04"]
[SourceQuality "1"]

1. e4 e5 2. Nf3 Nc6 3. d4 exd4 4. c3 dxc3 5. Bc4 cxb2 6. Bxb2 d6 7. 0-0 Bg4 8. Re1 Nf6 9. e5 Bxf3 10. exf6+ Ne5 11. gxf3 Qxf6 12. Bxe5 dxe5 13. Nc3 Bc5 14. Qd5 Bd4 15. Qxd4 0-0 16. Qxe5 Qxf3 17. Re3 Qg4+ 18. Rg3 Rfe8 19. Qxe8+ Rxe8 20. Rxg4 c6 21. Ne4 b5 22. Nf6+ Kf8 23. Nxh7+ Kg8 24. Nf6+ Kf8 25. Nxe8 Kxe8 26. Re1+ Kd7 27. Rd4+ Kc7 28. Bxf7 Kb6 29. Re6 Kc5 30. Rdd6 a5 31. Rxc6+ Kb4 32. Re4+ Ka3 33. Rc3+ Kb2 34. Rb3+ Kxa2 35. Rxb5+ Ka3 36. Rb3+ Ka2 37. Re2+ Ka1 38. Rd3 a4 39. Ba2 a3 40. Rd1# 1-0

[Event "GER-chT U12"]
[Site "Verden an der Aller"]
[Date "2003.12.28"]
[Round "3.3"]
[White "Stellfeld, Tilman"]
[Black "Kartsev, Alexandr"]
[Result "0-1"]
[WhiteElo "1180"]
[BlackElo "1383"]
[PlyCount "106"]
[EventDate "2003.12.27"]
[EventType "team-swiss"]
[EventRounds "7"]
[EventCountry "GER"]
[SourceTitle "EXT 2022"]
[Source "ChessBase"]
[SourceDate "2021.10.06"]
[SourceVersion "1"]
[SourceVersionDate "2021.10.06"]
[SourceQuality "1"]
[WhiteTeam "Johanneum Eppendorf"]
[BlackTeam "Brackel SF"]
[WhiteTeamCountry "GER"]
[BlackTeamCountry "GER"]

1. d4 d5 2. c4 e5 3. cxd5 Qxd5 4. Nf3 e4 5. Nc3 Qa5 6. Nd2 Nf6 7. Nb3 Qb6 8. e3 Bb4 9. Bd2 0-0 10. Rc1 Bg4 11. Be2 Bxe2 12. Qxe2 Qa6 13. Qxa6 Nxa6 14. 0-0 c5 15. Ne2 cxd4 16. Nexd4 Bxd2 17. Nxd2 Nb4 18. a3 Nd3 19. Rc2 b6 20. Rd1 Rfc8 21. Nxe4 Rxc2 22. Nxf6+ gxf6 23. Nxc2 Nxb2 24. Rb1 Nd3 25. Kf1 Rc8 26. Nd4 Rc3 27. Rb3 Rc1+ 28. Ke2 Nc5 29. Rb2 Ra1 30. Nc2 Rc1 31. Kd2 Rh1 32. h3 Rf1 33. Ke2 Rc1 34. Nd4 Ra1 35. Nc2 Rc1 36. Nd4 Ra1 37. Nb3 Rxa3 38. Nd4 Na4 39. Rd2 Nc3+ 40. Kf3 Kg7 41. Nf5+ Kg6 42. Ne7+ Kg7 43. Nf5+ Kg6 44. Nh4+ Kg5 45. g3 b5 46. Ng2 b4 47. h4+ Kh6 48. Rd6 b3 49. Rxf6+ Kg7 50. Rf5 b2 51. Rg5+ Kf8 52. Rc5 b1Q 53. Rc8+ Kg7 0-1

[Event "GER-chT U12"]
[Site "Verden an der Aller"]
[Date "2003.12.28"]
[Round "4.3"]
[White "Wang, Zhangxian"]
[Black "Stellfeld, Tilman"]
[Result "1-0"]
[WhiteElo "1390"]
[BlackElo "1180"]
[PlyCount "49"]
[EventDate "2003.12.27"]
[EventType "team-swiss"]
[EventRounds "7"]
[EventCountry "GER"]
[SourceTitle "EXT 2022"]
[Source "ChessBase"]
[SourceDate "2021.10.06"]
[SourceVersion "1"]
[SourceVersionDate "2021.10.06"]
[SourceQuality "1"]
[WhiteTeam "Leipzig Gohlis"]
[BlackTeam "Johanneum Eppendorf"]
[WhiteTeamCountry "GER"]
[BlackTeamCountry "GER"]

1. e4 c5 2. Nf3 e6 3. d4 cxd4 4. Nxd4 a6 5. c4 Qc7 6. Bd3 Nf6 7. 0-0 b6 8. Re1 d6 9. Nc3 Nbd7 10. Bf4 e5 11. Nd5 Nxd5 12. exd5 Be7 13. Nf5 g6 14. Nxe7 Kxe7 15. Be3 Nc5 16. Bf1 Rb8 17. Qf3 f5 18. Rab1 b5 19. b3 Bd7 20. b4 Nb7 21. c5 Be8 22. Bg5+ Kf8 23. Bf6 Rg8 24. Qh3 Qf7 25. Qh6+ 1-0

[Event "GER-ch Lands U20"]
[Site "Kassel"]
[Date "2003.10.23"]
[Round "7.7"]
[White "Duenzel, Jonas"]
[Black "Stellfeld, Tilman"]
[Result "1-0"]
[WhiteElo "1329"]
[BlackElo "1210"]
[PlyCount "129"]
[EventDate "2003.10.19"]
[EventType "team-tourn"]
[EventRounds "7"]
[EventCountry "GER"]
[SourceTitle "EXT 2004"]
[Source "ChessBase"]
[SourceDate "2003.11.25"]
[SourceVersion "1"]
[SourceVersionDate "2003.11.25"]
[SourceQuality "1"]

1. e4 c5 2. b3 e6 3. Bb2 Nc6 4. Nf3 Nf6 5. d3 a6 6. g3 b5 7. Bg2 Be7 8. Nbd2 Bb7 9. a4 0-0 10. 0-0 Re8 11. Ne5 Nxe5 12. Bxe5 d6 13. Bb2 Nd7 14. Nf3 Qc7 15. Qe2 d5 16. Nd2 Bf6 17. Bxf6 Nxf6 18. e5 Nd7 19. f4 Qb6 20. Kh1 d4 21. Ne4 Bxe4 22. Bxe4 Ra7 23. g4 f6 24. exf6 Nxf6 25. g5 Nxe4 26. Qxe4 Qd6 27. axb5 Rb8 28. Rxa6 Rxa6 29. bxa6 Qxa6 30. Re1 Re8 31. f5 Kf7 32. fxe6+ Rxe6 33. Qf5+ Ke7 34. Qxc5+ Qd6 35. Qxd6+ Kxd6 36. Rxe6+ Kxe6 37. Kg2 Kd5 38. Kf3 Kc5 39. Ke4 h6 40. gxh6 gxh6 41. h4 h5 42. Kf5 Kb4 43. Kg5 Kc3 44. Kxh5 Kxc2 45. Kg6 Kxd3 46. h5 Kc3 47. h6 d3 48. h7 d2 49. h8Q+ Kxb3 50. Qb8+ Kc2 51. Qc7+ Kd3 52. Qd6+ Ke3 53. Kf5 Ke2 54. Qe5+ Kf3 55. Qc3+ Ke2 56. Qc2 Ke3 57. Qd1 Kd3 58. Kf4 Kc3 59. Ke3 Kb2 60. Qxd2+ Kb3 61. Kd3 Ka4 62. Kc4 Ka3 63. Qc3+ Ka2 64. Qb4 Ka1 65. Kc3 1-0

[Event "GER-ch Lands U20"]
[Site "Kassel"]
[Date "2003.10.20"]
[Round "3.7"]
[White "Wetzel, Carmen"]
[Black "Stellfeld, Tilman"]
[Result "1/2-1/2"]
[WhiteElo "939"]
[BlackElo "1210"]
[PlyCount "100"]
[EventDate "2003.10.19"]
[EventType "team-tourn"]
[EventRounds "7"]
[EventCountry "GER"]
[SourceTitle "EXT 2004"]
[Source "ChessBase"]
[SourceDate "2003.11.25"]
[SourceVersion "1"]
[SourceVersionDate "2003.11.25"]
[SourceQuality "1"]

1. e4 c5 2. Nf3 e6 3. d4 cxd4 4. Nxd4 a6 5. Bd3 Qc7 6. c4 Nf6 7. Nc3 Bc5 8. Nb3 Bb4 9. Bd2 Nc6 10. a3 Be7 11. Be3 Ne5 12. Bf4 Nxd3+ 13. Qxd3 Qxf4 14. 0-0 Ng4 15. g3 Qh6 16. h4 Bxh4 17. Qd2 Bg5 18. f4 Be7 19. Qe2 Nf6 20. Nd2 Bc5+ 21. Kg2 g6 22. b4 Bd4 23. Qd3 Bxc3 24. Qxc3 Qg7 25. Nb3 h5 26. Rh1 b6 27. e5 Bb7+ 28. Kh3 Ng4 29. Rhf1 Be4 30. Rad1 Bf5 31. Kg2 Rd8 32. c5 bxc5 33. Nxc5 d6 34. Nxa6 0-0 35. Rfe1 d5 36. a4 Be4+ 37. Kg1 Rc8 38. Nc5 Rc7 39. Qb3 Bf5 40. a5 Rb8 41. Na6 Bc2 42. Qa3 Bxd1 43. Nxc7 Bf3 44. b5 Qf8 45. Qxf3 Qc5+ 46. Kg2 Qxc7 47. b6 Qc2+ 48. Re2 Qa4 49. Qc3 Qe8 50. Rb2 Rc8 1/2-1/2